Drapeaux d'Europe: difficile - Statistiques

Statistiques générales
  • Ce quiz a été pris 594 fois
  • Le résultat moyen est 9 sur 10
Statistiques - réponses
Par images Réponse % Correct
albanie
98%
macédoine du nord
96%
vatican
94%
malte
93%
bosnie herzégovine
92%
kosovo
92%
serbie
92%
saint marin
91%
andorre
90%
monténégro
87%
Aucun quiz correspondant
Distribution des résultats
% des personnes avec chaque résultat
Percentile par nombre de réponses
Votre historique - résultats
Vous n’avez pas pris ce quiz